00551pab a2200169 454500008004000000100002200040245008300062260000900145300001100154362001200165650004900177650003700226650003600263650001500299700002000314773004700334180718b2012 xxu||||| |||| 00| 0 eng d aMukherjee, Kumkum aIdentifying the level of motivation of employees in the IT industry in Kolkata c2012 a75-86. aOct-Dec aInformation technology - India - West Bengal aMotivation - India - West Bengal aEmployees - India - West Bengal aMotivation aBanerjee, Aditi aIndian Journal of Training and Development